Statistics for Scotland Multiple Choice

Click here to take the quiz!

General Stats

  • This quiz has been taken 415 times
  • The average score is 10 of 15

Answer Stats

QuestionAnswer% Correct
Which one of these is the name of Scotland's patron saint?Saint Andrew
87%
What was Robert Burns known for?Poetry
85%
Which one of these movies is NOT set in Scotland?Love Actually
83%
Which one of these island chains is NOT part of Scotland?Faroe
81%
Which one of these Shakespearean plays takes place in Scotland?Macbeth
77%
Which one of these mythical creatures is the national animal of Scotland?Unicorn
77%
Which city is considered the capital of the Scottish Highlands?Inverness
74%
What political party has the most seats in the Scottish Parliament?Scottish National Party
73%
On which one of these ocean inlets is Edinburgh located?Firth of Forth
64%
Which Scottish monarch united Scotland with England in 1603?James VI
64%
What is Adam Smith famous for?Economics
58%
Which loch has the largest volume of them all?Ness
53%
Which one of these was NOT invented in Scotland?Telescope
50%
About many percent of the Scottish population are redheads?Around 13%
43%
In which one of Arthur Conan Doyle's books does Sherlock Holmes
make his first appearance?
A Study in Scarlet
41%

Score Distribution

Percentile by Number Answered

Percent of People with Each Score

Your Score History

You have not taken this quiz